000 00837nam a22002777a 4500
003 CHAP
005 20220329140130.0
008 971013s1963 r 00010 d
010 _a47442
011 _a48414
035 _a52560
040 _cCHAP
082 _a378.242
_bV3
100 0 0 _aVan Haga, Charles E.
_9117767
245 _aManual del redactor de informes
260 _aMéxico, D.F. :
_bCECSA,
_c1963
300 _a298 p.
_b: ilus.
590 _aBATCH-UPD
_b10
_c20130110
_lUCH01
_h1607
590 _aBATCH-UPD
_b10
_c20130410
_lUCH01
_h1003
590 _aBATCH-UPD
_b10
_c20130914
_lUCH01
_h2051
590 _aCONVERSION
_b10
_c20130109
_lUCH01
_h1326
650 1 4 _aTrabajos científicos
_xElaboración.
_9114562
901 _aBK
942 _cLIBRO
949 _a378.242 V3
_bBC
_cLIBRO
_d33724000441515
_eLIBRO
_h11302
_i52560
_mD.
_si
999 _c47442
_d47442